Grand Theft Auto IV Quotes - Statistics

General Stats
  • This quiz has been taken 77 times
  • The average score is 5 of 17
Answer Stats
Hint Answer % Correct
Just a temporary place. The _______ is coming. mansion
81%
Will you wrap it up and put a pretty _____ on it? bow
57%
I'm just trying to make the right __________ decisions
41%
This, I did not ________. expect
41%
I seriously hope your ______ are better than your nicknames. cards
36%
Hove Beach, next to the ______. docks
36%
Come on guys, let's be ___________. reasonable
36%
Here we are, the beginning of our new lives... _______. again
32%
You can play, right? Ti si dobar u ovoj _____? igri
26%
I know just the place for you, it's on _________ in Hove. Mohawk
26%
Sorry for maga dog, maga dog turn round and _____ you. bite
23%
When the big money rolls in, then we will look real _______. classy
22%
We own a real restaurant, a _______. tavern
17%
You fight like a worm, like _________ worm, Bellic. spineless
10%
_________ just ah hold a man down. Babylon
9%
Wan wan coco full _______, seen? baskit
6%
What does this mean... ________ nuts? contain
1%
No matching quizzes found
Score Distribution
Percent of People with Each Score
Percentile by Number Answered
Your Score History
You have not taken this quiz